Normal view
MARC view
- MARIA,JESE LUIS
Entry Personal Name
001 - CONTROL NUMBER
- control field: 90793
003 - CONTROL NUMBER IDENTIFIER
- control field: NUST
005 - DATE AND TIME OF LATEST TRANSACTION
- control field: 20220401112554.0
008 - FIXED-LENGTH DATA ELEMENTS
- fixed length control field: 220401|| aca||aabn | a|a d
040 ## - CATALOGING SOURCE
- Original cataloging agency: NUST
- Transcribing agency: NUST
100 ## - HEADING--PERSONAL NAME
- Personal name: MARIA,JESE LUIS
670 ## - SOURCE DATA FOUND
- Source citation: Work cat.: (NUST): MARIA,JESE LUIS., OPTIMIZATION OF PROCESS FLOW SHEETS /, 2019.
